Humanismo y política exterior /

Obra en que se revisa qué es la política exterior y cuáles son sus componentes, desde la perspectiva del individuo y del cristianismo, de manera que sirva fundamentalmente a la humanidad y esté permeada por la moral cristiana.

Kaydedildi:
Detaylı Bibliyografya
Yazar: Santa Pinter, José Julio (autor)
Materyal Türü: Kitap
Dil:İspanyolca
Baskı/Yayın Bilgisi: Buenos Aires, Argentina : Humanismo, 1959, c1959
Seri Bilgileri:(Ediciones Humanismo ; 7)
Konular:
Etiketler: Etiketle
Etiket eklenmemiş, İlk siz ekleyin!

MARC

LEADER 00000nam^a2200000^a^4500
001 000189565
005 20250521000000.0
009 20260310102418.787
037 |a Acervo ITESO - Biblioteca 
041 |a ESP 
082 |a 261. 87  |b SAN 
100 |a Santa Pinter, José Julio  |e (autor) 
245 1 0 |a Humanismo y política exterior /  |c J.J. Santa Pinter. 
264 4 |a Buenos Aires, Argentina :  |b Humanismo,  |c 1959, c1959 
300 |a 61 p. 
336 |a texto  |b txt  |2 rdacontenido 
337 |a sin mediación  |b n  |2 rdamedio 
338 |a volumen  |b nc  |2 rdasoporte 
440 1 |a (Ediciones Humanismo ;  |v 7) 
520 |a Obra en que se revisa qué es la política exterior y cuáles son sus componentes, desde la perspectiva del individuo y del cristianismo, de manera que sirva fundamentalmente a la humanidad y esté permeada por la moral cristiana. 
649 |a XX 
650 |a Humanismo 
650 |a Diplomacia 
650 |a Política Exterior -  |x Filosofía -  |x Tema Principal 
650 |a Política y Religión 
650 |a Política Internacional 
650 |a Catolicismo 
650 |a Cristianismo 
650 |a Religión 
910 |a Fondo General 
920 |a Impresos - Libros 
930 |a Colección General 
905 |a 101 
901 |a 0500132587  |b IT1  |c ACC  |u 20250521 
902 |a https://opac.biblio.iteso.mx/vufind/Record/000189565